00875cam a22002297a 4500003000500000005001700005008004100022010001000063011001000073035001000083040000900093100003700102245023600139260004100375300001000416502008500426650003600511650002800547650002600575650001000601700003400611CHAP20250616134730.0010920d2001 mx r 00110 spa d a85232 a86204 a96742 cCHAP10aBarajas Ramírez, Jahir Antonio10aEstudio de factibilidad técnico económica para la producción, acondicionamiento y comercialización de okra (Hibiscus esculentus L.) en Delicias, Chihuahuac/por Jahir Antonio Barajas Ramírez y Martín Barrera Fernández aChapingo, Méx. :bEl autor,c2001. a83 h. aTesis (Ing. Agroindustrial) -- UACH. Departamento de Ingeniería Agroindustrial14aLegumbresxMercadeozChihuahua.14aLegumbresxRendimiento.14aLegumbreszChihuahua.14aOcra.10aBarrera Fernández, Martín